000 00438nam a22001817a 4500
005 20251108174617.0
008 250721s2008 xx 000 0 eng d
082 1 4 _a611/HAM
100 1 _aAbu Hammoudeh, Marwan
245 1 0 _aAnatomy /
246 1 1 _aعلم التشريح
264 1 _aAmman :
_bDar Tasneem,
_c2008.
300 _a253 ص.
650 1 7 _aNATOMY
700 1 _aRABB'A, NIJMEH
942 _2ddc
_cREF
999 _c113509
_d113509